| 000 | 01759cam a2200409 a 4500 | ||
|---|---|---|---|
| 999 |
_c28430 _d28401 |
||
| 001 | 13982051 | ||
| 003 | EG-ScBUE | ||
| 005 | 20200805100636.0 | ||
| 008 | 050525t2006 nyua f b 001 0 eng d | ||
| 020 | _a9780195175066 (pbk. : alk. paper) | ||
| 020 | _a0195175050 | ||
| 040 |
_aDLC _beng _erda _cDLC _dDLC _dEG-ScBUE |
||
| 043 | _an-us--- | ||
| 082 | 0 | 4 |
_a791.436556 _bRAF _222 |
| 100 | 1 |
_aRafter, Nicole Hahn, _d1939- _eauthor. |
|
| 245 | 1 | 0 |
_aShots in the mirror : _bcrime films and society / _cNicole Rafter. |
| 250 | _aSecond edition. | ||
| 264 | 1 |
_aOxford ; _aNew York : _bOxford University Press, _c[2006] |
|
| 264 | 4 | _cc 2006 | |
| 300 |
_axiii, 265 pages : _billustrations ; _c24 cm |
||
| 336 |
_2rdacontent _atext _btxt |
||
| 337 |
_2rdamedia _aunmediated _bn |
||
| 338 |
_2rdacarrier _avolume _bnc |
||
| 500 | _aIncludes appendix. | ||
| 504 | _aIncludes bibliographical references and index. | ||
| 650 | 7 |
_aCrime films _xHistory and criticism. _2BUEsh |
|
| 650 | 7 |
_aJustice, Administration of, in motion pictures. _2BUEsh |
|
| 650 | 7 |
_aMotion pictures _xSocial aspects _zUnited States. _2BUEsh |
|
| 653 |
_bCOMAME _cJuly2020 |
||
| 655 |
_vReading book _934232 |
||
| 856 | 4 | 1 |
_3Table of contents _uhttp://www.loc.gov/catdir/toc/ecip0513/2005015262.html |
| 856 | 4 | 2 |
_3Publisher description _uhttp://www.loc.gov/catdir/enhancements/fy0726/2005015262-d.html |
| 856 | 4 | 2 |
_3Contributor biographical information _uhttp://www.loc.gov/catdir/enhancements/fy1505/2005015262-b.html |
| 906 |
_a7 _bcbc _corignew _d1 _eecip _f20 _gy-gencatlg |
||
| 942 |
_2ddc _cBB |
||